|
|
|
|
| LEADER |
01057pam a22002778a 4500 |
| 001 |
00026963 |
| 005 |
20171026081022.0 |
| 008 |
110916s1998 ||||||viesd |
| 020 |
# |
# |
|a 16000
|
| 041 |
0 |
# |
|a vie
|
| 082 |
1 |
4 |
|a 372.21
|b T108H
|
| 100 |
1 |
# |
|a Ưng Thị Châu
|
| 245 |
1 |
# |
|a Tạo hình và phương pháp hướng dẫn hoạt động tạo hình cho trẻ
|b Giáo trình đào tạo giáo viên THSP mầm non hê 12+2
|c Ưng Thị Châu,Nguyễn Lăng Bình,Lê Đức Hiền
|
| 260 |
# |
# |
|a H.
|b Giáo dục
|c 1998
|
| 300 |
# |
# |
|a 408 tr.
|c 21 cm.
|
| 500 |
# |
# |
|a ĐTTS ghi: Bộ Giáo dục và Đào tạo
|
| 653 |
# |
# |
|a giáo trình
|
| 653 |
# |
# |
|a tạo hình
|
| 653 |
# |
# |
|a mẫu giáo
|
| 700 |
0 |
# |
|a Lê Đức Hiền
|
| 700 |
0 |
# |
|a Nguyễn Lăng Bình
|
| 852 |
# |
# |
|b Kho giáo trình
|j KGT.0032544
|
| 852 |
# |
# |
|j KGT.0049154
|j KGT.0032544
|
| 852 |
# |
# |
|b Kho mượn
|j KGT.0032544
|
| 910 |
|
|
|d 16/09/2011
|
| 980 |
# |
# |
|a Trung tâm Học liệu Lê Vũ Hùng, Trường Đại học Đồng Tháp
|